20 Zufällige Flaggen in 1 Minute - Statistiken

Allgemein
  • Dieses Quiz wurde 402 mal gespielt
  • Das Durchschnittsergebnis liegt bei 10 aus 20
Antwortstatistiken
Bildquiz Antwort % Korrekt
Argentinien
100%
Belarus
100%
Estland
100%
Malta
100%
Nepal
100%
Pakistan
100%
Portugal
100%
Schottland
100%
Südkorea
100%
Kroatien
93%
Kasachstan
92%
Lettland
92%
Deutschland
91%
Albanien
89%
Algerien
89%
Irland
89%
Kanada
89%
Tschechien
89%
Israel
88%
Japan
88%
Thailand
88%
Tonga
88%
Türkei
88%
Jamaika
87%
Australien
86%
Bahrain
86%
Saudi Arabien
86%
Südafrika
86%
Frankreich
85%
Kosovo
85%
Belgien
83%
Chile
83%
Demokratische Republik Kongo
83%
Jemen
83%
Lesotho
83%
Libanon
83%
Mali
83%
Mauretanien
83%
Nigeria
83%
Palau
83%
Slowakei
83%
Bulgarien
82%
Finnland
82%
Niederlande
82%
Oman
82%
Panama
82%
Zypern
82%
Russland
81%
Äthiopien
80%
Dominikanische Republik
80%
Ecuador
80%
Guatemala
80%
Indien
80%
Island
80%
Kamerun
80%
Luxemburg
80%
Moldawien
80%
Oklahoma
80%
Spanien
80%
Vereinigte Arabische Emirate
80%
Europa
79%
Bangladesch
78%
Iran
78%
Italien
78%
Katar
78%
Norwegen
78%
Osttimor
78%
Syrien
78%
USA
78%
Elfenbeinküste
77%
Mikronesien
77%
Bosnien und Herzegowina
75%
Malawi
75%
Mexiko
75%
Niedersachsen
75%
Österreich
75%
San Marino
75%
Schweden
75%
Tunesien
75%
Vietnam
75%
Bahamas
73%
Nordmazedonien
73%
Senegal
73%
Seychellen
73%
Uganda
73%
Wales
73%
Myanmar
71%
Niger
71%
Paraguay
71%
Turkmenistan
71%
Usbekistan
71%
Polen
70%
Serbien
70%
Ägypten
67%
Armenien
67%
Aserbaidschan
67%
Barbados
67%
Belize
67%
Berlin
67%
Georgien
67%
Griechenland
67%
Indonesien
67%
Kenia
67%
Liberia
67%
Madagaskar
67%
Malaysia
67%
Marokko
67%
Mosambik
67%
Neuseeland
67%
Simbabwe
67%
Singapur
67%
Ukraine
67%
Ungarn
67%
Brunei
64%
Eswatini
64%
Kolumbien
64%
Mongolei
64%
Montenegro
64%
Taiwan
64%
Uruguay
64%
Vereinigtes Königreich
64%
Bolivien
63%
Gabun
63%
Guinea Bissau
63%
Irak
63%
Kiribati
63%
Liechtenstein
63%
Malediven
63%
St. Lucia
63%
Venezuela
63%
Honduras
62%
Nicaragua
62%
Bhutan
60%
Brasilien
60%
Gambia
60%
Ghana
60%
Kuba
60%
Trinidad und Tobago
60%
Ruanda
58%
Rumänien
58%
Schweiz
58%
Sierra Leone
58%
Tadschikistan
58%
Afghanistan
57%
Bayern
57%
China
57%
Dänemark
57%
Papua Neuguinea
57%
Peru
57%
Costa Rica
56%
El Salvador
56%
Hongkong
56%
Laos
56%
Südsudan
56%
Tansania
56%
Andorra
55%
Haiti
55%
Antigua und Barbuda
54%
Fidschi
54%
Guam
54%
Monaco
54%
Burundi
50%
England
50%
Kap Verde
50%
Litauen
50%
Marshallinseln
50%
Mauritius
50%
Namibia
50%
Nordrhein Westfalen
50%
Republik Kongo
50%
Samoa
50%
Slowenien
50%
Sri Lanka
50%
Tschad
50%
Vanuatu
50%
Eritrea
46%
Angola
45%
Antarktis
45%
Kuwait
45%
Nordirland
44%
São Tomé und Príncipe
44%
Somalia
44%
St. Vincent und die Grenadinen
44%
Sudan
44%
Amerikanische Jungferninseln
43%
Grenada
43%
Nauru
43%
Philippinen
43%
Texas
43%
Kalifornien
42%
Benin
40%
Burkina Faso
40%
Guyana
40%
Jordanien
40%
Katalonien
38%
Komoren
38%
Sambia
38%
Togo
38%
Washington
38%
Äquatorialguinea
36%
Kirgisistan
36%
Amerikanisch-Samoa
33%
Kambodscha
33%
Libyen
33%
Palästina
33%
Tuvalu
33%
Vatikanstadt
33%
Westsahara
33%
Zentralafrikanische Republik
33%
Gibraltar
30%
Kurdistan
30%
Macau
29%
Suriname
29%
St. Kitts und Nevis
27%
Botswana
25%
Britisches Territorium im Indischen Ozean
25%
Cookinseln
25%
Dschibuti
25%
Nordkorea
25%
Quebec
25%
Anguilla
22%
Grönland
22%
Sachsen
22%
Sachsen Anhalt
20%
Tokelau
20%
Guinea
18%
Insel Man
18%
Bermuda
17%
Mecklenburg Vorpommern
17%
Neukaledonien
17%
Pitcairninseln
17%
Puerto Rico
17%
Saarland
17%
Saint Barthélemy
17%
Schleswig Holstein
17%
Südossetien
17%
Aruba
15%
Alaska
14%
Färöer Inseln
14%
New Mexico
14%
Nördliche Marianen
14%
Réunion
14%
Rheinland Pfalz
14%
Martinique
13%
Mayotte
13%
Åland
11%
Curaçao
11%
Jersey
11%
Bremen
10%
Falklandinseln
10%
Kokosinseln
10%
Nordzypern
10%
Salomonen
10%
Baden Württemberg
9%
Colorado
9%
Ohio
9%
Tibet
9%
Brandenburg
8%
Guadeloupe
8%
Guernsey
8%
Weihnachtsinseln
8%
Arzach
5%
Abchasien
0%
Arizona
0%
Baskenland
0%
Bougainville
0%
Britische Jungferninseln
0%
Britisches Antarktis Territorium
0%
Darfur
0%
Dominica
0%
Florida
0%
Französische Süd und Antarktisgebiete
0%
Französisch Guayana
0%
Französisch Polynesien
0%
Georgia
0%
Hawaii
0%
Kaimaninseln
0%
Karibische Niederlande
0%
Krim
0%
Louisiana
0%
Mallorca
0%
Maryland
0%
Missouri
0%
Montserrat
0%
New York
0%
Niue
0%
Norfolkinseln
0%
Ostfriesland
0%
Sint Maarten
0%
Somaliland
0%
St. Helena
0%
St. Pierre und Miquelon
0%
Südgeorgien und die Südlichen Sandwichinseln
0%
Südvietnam
0%
Tennessee
0%
Transnistrien
0%
Turks und Caicosinseln
0%
Wallis und Futuna
0%
West Papua
0%
Wyoming
0%
Keine übereinstimmenden Quizze gefunden
Verteilung der Resultate
Anzahl Personen mit jedem Resultat
Perzentil nach korrekt beantworteten Fragen
Ihre Resultats-Entwicklung
Sie haben dieses Quiz noch nicht gespielt